LEADER 01187nam a2200277 i 4500 001 991001997239707536 008 061204s2006 caua b 001 0 eng d 020 $a0520247280 035 $ab13460158-39ule_inst 040 $aDi.S.Te.B.A:$beng 082 0 $a577.699$222 100 1 $aMurray, Steven Nelson $0624712 245 10$aMonitoring rocky shores / $cSteven N. Murray, Richard F. Ambrose, Megan N. Dethier. 260 $aBerkeley, Calif. ; $aLondon : $bUniversity of California Press, $c2006 300 $axvi, 220 p. : $bill., maps ;$c24 cm 504 $aIncludes bibliographical references and indexes 650 4$aIntertidal ecology $xResearch $xMethodology 650 4$a Environmental monitoring $xMethodology 700 1 $aDethier, Megan Nichols 700 1 $aAmbrose, Richard Francis$eauthor$4http://id.loc.gov/vocabulary/relators/aut$0738456 907 $a.b13460158$b15-03-07$c04-12-06 912 $a991001997239707536 945 $aLE003 577.6 MUR01.01 (2006)$g1$i2003000089585$lle003$op$pE49.92$q-$rl$s- $t0$u0$v0$w0$x0$y.i1439649x$z15-03-07 996 $aMonitoring rocky shores$91462633 997 $aUNISALENTO 998 $ale003$b04-12-06$cm$da $e-$feng$gcau$h0$i0 LEADER 01132nas 2200397 c 450 001 9910893722103321 005 20260218110739.0 035 $a(CKB)5280000000200729 035 $a(DE-599)ZDB2808055-5 035 $a(DE-101)1065684622 035 $a(DE-599)2808055-5 035 $a(EXLCZ)995280000000200729 100 $a20150127a20089999 |y | 101 0 $ager 135 $aur||||||||||| 181 $ctxt$2rdacontent 182 $cc$2rdamedia 183 $acr$2rdacarrier 200 00$aAutomotion$h[...]$i[Deutsche Ausgabe] : das Technologie-Magazin von B & R 210 31$aEggelsberg$cBernecker + Rainer Industrie-Elektronik-Ges.$d2008- 215 $aOnline-Ressource 300 $aGesehen am 27.01.15 517 $aAutomotion [Deutsche Ausgabe] 517 1 $aAutomotion / Deutsche Ausgabe 517 3 $a˜Dasœ B & R Technologie-Magazin 517 1 $aKundenmagazin 608 $aZeitschrift$2gnd-content 676 $a620 676 $a070 801 0$b0089 801 1$bDE-101 801 2$b9001 906 $aJOURNAL 912 $a9910893722103321 996 $aAutomotion$94258637 997 $aUNINA